| 000 -LEADER |
| fixed length control field |
00991nam a22002657a 4500 |
| 003 - CONTROL NUMBER IDENTIFIER |
| control field |
AR-BaISA |
| 005 - DATE AND TIME OF LATEST TRANSACTION |
| control field |
20220512170700.0 |
| 007 - PHYSICAL DESCRIPTION FIXED FIELD--GENERAL INFORMATION |
| fixed length control field |
ta |
| 008 - FIXED-LENGTH DATA ELEMENTS--GENERAL INFORMATION |
| fixed length control field |
180223s2015 ag ||||| |||| 00| 0 spa d |
| 020 ## - INTERNATIONAL STANDARD BOOK NUMBER |
| International Standard Book Number |
9789501207019 |
| 040 ## - CATALOGING SOURCE |
| Transcribing agency |
AR-BaISA |
| 082 04 - DEWEY DECIMAL CLASSIFICATION NUMBER |
| Edition number |
22 |
| Classification number |
615.88 B455 |
| 100 10 - MAIN ENTRY--PERSONAL NAME |
| 9 (RLIN) |
988 |
| Personal name |
Bertherat, Thérèse |
| Relator term |
aut. |
| 245 13 - TITLE STATEMENT |
| Title |
El cuerpo tienes sus razones: |
| Remainder of title |
autocura y autogimnasia / |
| Statement of responsibility, etc. |
Thérèse Bertherat y Carol Bernstein |
| 260 ## - PUBLICATION, DISTRIBUTION, ETC. |
| Place of publication, distribution, etc. |
Buenos Aires: |
| Name of publisher, distributor, etc. |
Paidós, |
| Date of publication, distribution, etc. |
2015 |
| 300 ## - PHYSICAL DESCRIPTION |
| Extent |
[172 p.] |
| 490 1# - SERIES STATEMENT |
| Serie |
Vida y salud; |
| Volume/sequential designation |
4 |
| 501 ## - WITH NOTE |
| With note |
Bibliografía p: 171-[172] |
| 505 ## - FORMATTED CONTENTS NOTE |
| Title |
La casa del callejón -- |
| -- |
El cuerpo fortaleza -- |
| -- |
La sala de música -- |
| -- |
La casa encantada -- |
| -- |
Françoise Mézières: una revolución -- |
| -- |
Fundamentos milenarios -- |
| -- |
Llaves, cerraduras, puertas blindadas -- |
| -- |
La casa acogedora |
| 650 14 - SUBJECT ADDED ENTRY--TOPICAL TERM |
| 9 (RLIN) |
990 |
| Topical term or geographic name entry element |
Terapias alternativas |
| 650 14 - SUBJECT ADDED ENTRY--TOPICAL TERM |
| 9 (RLIN) |
991 |
| Topical term or geographic name entry element |
Autocuidado |
| 700 1# - ADDED ENTRY--PERSONAL NAME |
| 9 (RLIN) |
992 |
| Personal name |
Bernstein, Carol |
| 830 #0 - SERIES ADDED ENTRY--UNIFORM TITLE |
| 9 (RLIN) |
989 |
| Uniform title |
Vida y salud |
| Volume/sequential designation |
4 |
| 942 ## - ADDED ENTRY ELEMENTS (KOHA) |
| Source of classification or shelving scheme |
|
| Koha item type |
Libros |